00233nam a2200097Ia 4500008004100000100001900041245003300060260002600093300000800119650000800127191201s2006 xx 000 0 und d aKUMAR, Muneesh 0aBusiness Information Systems aN. delhibVikasc2006 a384 aMBA